000 01198nam a22003377a 4500
003 CHAP
005 20220329135145.0
008 971013s1977 r 00010 d
010 _a31855
011 _a32827
035 _a36942
040 _cCHAP
090 _aTesis
100 0 0 _aNenninger Aguilar, Oscar Alberto.
_980844
245 _aFactibilidad económica de la fertilización nitrogenada al suelo en una variedad de trigo en Apodaca, N. L.
260 _aMonterrey, N. L. :
_bEl autor,
_c1977
300 _a57 h.
502 _aTesis (Ing. Agr. Administrador) -- ITESM. División de Ciencias Agropecuarias y Marítimas
590 _aALEPH
_b10
_c20130110
_lUCH01
_h1254
590 _aBATCH-UPD
_b10
_c20130110
_lUCH01
_h1202
590 _aBATCH-UPD
_b10
_c20130410
_lUCH01
_h0744
590 _aBATCH-UPD
_b10
_c20130914
_lUCH01
_h1402
590 _aCONVERSION
_b10
_c20130109
_lUCH01
_h1318
650 1 4 _aFertilizantes nitrogenados.
_940596
650 1 4 _aFertilizantes
_xAspectos económicos.
_940451
650 1 4 _aFertilizantes
_xEfecto en suelos.
_940553
650 1 4 _aFertilizantes
_xEfecto en trigo.
_940558
901 _aBK
942 _cTESIS
949 _bBC
_cTES
_d-84882
_eTS1
_i36942
_si
999 _c31855
_d31855